Países que contienen a otro país en su nombre - Estadísticas

Estadísticas generales
  • Esta prueba ha sido intentada 135 veces
  • La puntuación promedio es 8 de 14
Estadísticas de respuestas
País % Correcto
Sudán
75%
Sudán del Sur
74%
Guinea
73%
Guinea Ecuatorial
70%
Guinea-Bissau
68%
Papúa Nueva Guinea
63%
Bielorrusia
56%
Rusia
56%
Níger
47%
Nigeria
47%
República Dominicana
38%
Dominica
36%
Malí
30%
Somalia
22%
No se encontraron pruebas coincidentes
Distribución de puntuación
Porcentaje de gente con cada puntuación
Porcentaje por número respondido
Historial de tus puntuaciones
No has intentado esta prueba.